A memorandum on agriculture and industry in China
This book introduce about the rural framework, the problem of the peasant, the possibilitiess of rural progess, the old industial order and the new.
Zapisane w:
| 1. autor: | |
|---|---|
| Format: | Książka |
| Język: | Undetermined |
| Wydane: |
Honolulu
The Institute of Paacific Relations
1929
|
| Hasła przedmiotowe: | |
| Etykiety: |
Dodaj etykietę
Nie ma etykietki, Dołącz pierwszą etykiete!
|
| Thư viện lưu trữ: | Trung tâm Học liệu Trường Đại học Cần Thơ |
|---|
| LEADER | 00770nam a2200205Ia 4500 | ||
|---|---|---|---|
| 001 | CTU_219158 | ||
| 008 | 210402s9999 xx 000 0 und d | ||
| 082 | |a 330 | ||
| 082 | |b T111 | ||
| 100 | |a Tawney, R. H. | ||
| 245 | 2 | |a A memorandum on agriculture and industry in China | |
| 245 | 0 | |c R. H. Tawney | |
| 260 | |a Honolulu | ||
| 260 | |b The Institute of Paacific Relations | ||
| 260 | |c 1929 | ||
| 520 | |a This book introduce about the rural framework, the problem of the peasant, the possibilitiess of rural progess, the old industial order and the new. | ||
| 650 | |a Công nghiệp,Agriculture,Industries,Nông nghgiệp | ||
| 650 | |z Trung Quốc,China,China,Trung Quốc | ||
| 904 | |i Qhieu | ||
| 980 | |a Trung tâm Học liệu Trường Đại học Cần Thơ | ||